Statistics for Multiple-Choice History

Click here to take the quiz!

General Stats

  • This quiz has been taken 343 times
  • The average score is 9 of 15

Answer Stats

Question A B C D Answer % Correct
Who of these was a Babylonian King?RamesesHammurabiAgamemnonXerxesB
95%
What was the first civilization of Central America?Maya'sAztecsOlmecsZapotecsC
93%
Which of these is the largest empire ever?MongolRomanBritishRussianC
91%
Which of these was not a Chinese Dynasty?XianShangQinZhouA
86%
Which of these was not an Axis Power in WWII?ItalyGermanyJapanRussiaD
83%
Which of these was one of the original 13 colonies?VermontMaineGeorgiaWest VirginiaC
69%
Who of these was not a Roman Emperor?AugustusMark AntonyTiberiusCaligulaB
66%
Which of these was not a colony of Portugal?Puerto RicoMozambiqueTimor LesteAngolaA
56%
Who of these was not a Greek God?ZeusAthenaDemeterCeresD
49%
Which of these tribes sacked Rome in 410?HunsGermanicsVandalsVisigothsD
40%
Which of these was not a Muslim Caliphate?UmayyadRashidunMeccanAbbasidC
29%
Which of these countries was not an original member of the EEC?NetherlandsUnited KingdomFranceBelgiumB
28%
Who of these was not a US President?George WashingtonZachary TaylorRutherford HayesAdam SmithD
26%
Which one of these explorers was the first to round the Cape of Good Hope?Bartolomeu DiasFerdinand MagellanVasco da GamaChristopher ColumbusA
23%
Which of these is not one of the Seven Ancient World Wonders?Temple of ArtemisColossus of RhodesGreat Wall of ChinaStatue of ZeusC
22%

Score Distribution

Percentile by Number Answered

Percent of People with Each Score

Your Score History

You have not taken this quiz